| 000 | 00467nam a2200193Ia 4500 | ||
|---|---|---|---|
| 005 | 20250603144810.0 | ||
| 008 | 250603s9999 xx 000 0 und d | ||
| 020 | _a9780470035450 | ||
| 050 | _aQR 9 .S56/ | ||
| 100 | _aSingleton, Paul | ||
| 245 | 0 | _aDictionary of microbiology and molecular biology | |
| 250 | _a3rd ed. | ||
| 260 | _aWest Sussex | ||
| 260 | _bJohn Wiley & Sons | ||
| 260 | _c2006 | ||
| 300 | _a895 p | ||
| 650 | _aWest Sussex | ||
| 942 | _cBK | ||
| 999 |
_c39985 _d39985 |
||